|
|
|
|
| LEADER |
02477nam a2200505 4500 |
| 001 |
ocn854576570 |
| 003 |
OCoLC |
| 005 |
20180501122012.0 |
| 006 |
m o d |
| 007 |
cr cnu---unuuu |
| 008 |
130729s2013 cauaf o 000 0 eng d |
| 040 |
|
|
|a N$T
|b eng
|e pn
|c N$T
|d IDEBK
|d EBLCP
|d OPELS
|d DEBBG
|d YDXCP
|d UKDOC
|d OCLCQ
|d MHW
|d CDX
|d OCLCF
|d OCLCQ
|d UAB
|d OCLCQ
|e rda
|d MEU
|d OCL
|d OCLCA
|d GrThAP
|
| 019 |
|
|
|a 851154736
|a 855704485
|
| 020 |
|
|
|a 9780124166738
|q (electronic bk.)
|
| 020 |
|
|
|a 0124166733
|q (electronic bk.)
|
| 020 |
|
|
|a 9780124166769
|q (electronic bk.)
|
| 020 |
|
|
|a 0124166768
|q (electronic bk.)
|
| 020 |
|
|
|a 1299700918
|q (ebk)
|
| 020 |
|
|
|a 9781299700918
|q (ebk)
|
| 035 |
|
|
|a (OCoLC)854576570
|z (OCoLC)851154736
|z (OCoLC)855704485
|
| 050 |
|
4 |
|a RC280.B8
|b H653 2013eb
|
| 072 |
|
7 |
|a HEA
|x 039030
|2 bisacsh
|
| 072 |
|
7 |
|a MED
|x 062000
|2 bisacsh
|
| 082 |
0 |
4 |
|a 616.99449
|2 23
|
| 049 |
|
|
|a TEFA
|
| 245 |
0 |
0 |
|a Hormones and Breast Cancer /
|c editor in chief, Gerald Litwack.
|
| 250 |
|
|
|a First edition.
|
| 264 |
|
1 |
|a North Hollywood, CA :
|b Elsevier Science & Technology,
|c 2013.
|
| 300 |
|
|
|a 1 online resource (xviii, 386 pages, 16 unnumbered pages of plates :
|b illustrations (some colour)).
|
| 336 |
|
|
|a text
|b txt
|2 rdacontent
|
| 337 |
|
|
|a computer
|b c
|2 rdamedia
|
| 338 |
|
|
|a online resource
|b cr
|2 rdacarrier
|
| 546 |
|
|
|a Text in English.
|
| 588 |
0 |
|
|a Print version record.
|
| 520 |
|
|
|a First published in 1943, Vitamins and Hormones is the longest-running serial published by Academic Press. The Editorial Board now reflects expertise in the field of hormone action, vitamin action, X-ray crystal structure, physiology and enzyme mechanisms. Under the capable and qualified editorial leadership of Dr. Gerald Litwack, Vitamins and Hormones continues to publish cutting-edge reviews of interest to endocrinologists, biochemists, nutritionists, pharmacologists, cell biologists and molecular biologists. Others interested in the structure and function of biologica.
|
| 650 |
|
0 |
|a Breast
|x Cancer.
|
| 650 |
|
0 |
|a Hormones
|x Cancer.
|
| 650 |
|
7 |
|a HEALTH & FITNESS
|x Diseases
|x Cancer.
|2 bisacsh
|
| 650 |
|
7 |
|a MEDICAL
|x Oncology.
|2 bisacsh
|
| 650 |
|
7 |
|a Breast
|x Cancer.
|2 fast
|0 (OCoLC)fst00838260
|
| 655 |
|
4 |
|a Electronic books.
|
| 700 |
1 |
|
|a Litwack, Gerald,
|e editor.
|
| 776 |
0 |
8 |
|i Print version:
|z 9781299700918
|
| 830 |
|
0 |
|a Vitamins and hormones ;
|v v. 93.
|
| 856 |
4 |
0 |
|u https://www.sciencedirect.com/science/bookseries/00836729/93
|z Full Text via HEAL-Link
|